PC Kaise chalayen / (Record no. 12472)

000 -LEADER
fixed length control field 00424nam a2200157 4500
008 - FIXED-LENGTH DATA ELEMENTS--GENERAL INFORMATION
fixed length control field 210202b ||||| |||| 00| 0 eng d
020 ## - INTERNATIONAL STANDARD BOOK NUMBER
Terms of availability Rs60.00
082 00 - DEWEY DECIMAL CLASSIFICATION NUMBER
Classification number 891.43
Item number T835
100 ## - MAIN ENTRY--PERSONAL NAME
9 (RLIN) 4618
Personal name Tripathi, Binod Kumar
245 10 - TITLE STATEMENT
Title PC Kaise chalayen /
260 ## - PUBLICATION, DISTRIBUTION, ETC. (IMPRINT)
Place of publication, distribution, etc Howrah :
Name of publisher, distributor, etc Vivek Vikash Prakashan,
Date of publication, distribution, etc n.d.
300 ## - PHYSICAL DESCRIPTION
Extent 208 p.
365 ## - TRADE PRICE
Price amount INR60.00
650 #0 - SUBJECT ADDED ENTRY--TOPICAL TERM
Topical term or geographic name as entry element Hindi fiction
942 ## - ADDED ENTRY ELEMENTS (KOHA)
Source of classification or shelving scheme
Item type Books
Holdings
Withdrawn status Lost status Source of classification or shelving scheme Damaged status Not for loan Permanent location Current location Date acquired Cost, normal purchase price Full call number Barcode Date last seen Koha item type
          IMU Kolkata IMU Kolkata 2021-02-02 60.00 891.43 T835 08646 2021-02-02 Books
Designed and Maintained by IMU-KC Library, Kolkata Campus © Copyright All Rights Reserved

webs counters

Powered by Koha